Điện lạnh thực hành: T5

محفوظ في:
التفاصيل البيبلوغرافية
المؤلف الرئيسي: Trần Văn Hải
التنسيق: كتاب
اللغة:Undetermined
منشور في: Sài Gòn Hãng American International Refrigeration 1971
الموضوعات:
الوسوم: إضافة وسم
لا توجد وسوم, كن أول من يضع وسما على هذه التسجيلة!
Thư viện lưu trữ: Trung tâm Học liệu Trường Đại học Cần Thơ
LEADER 00511nam a2200169Ia 4500
001 CTU_15752
008 210402s9999 xx 000 0 und d
082 |a 621.56 
082 |b H103/T5 
100 |a Trần Văn Hải 
245 0 |a Điện lạnh thực hành: T5 
245 0 |c Trần Văn Hải 
260 |a Sài Gòn 
260 |b Hãng American International Refrigeration 
260 |c 1971 
650 |a low temperature engineering 
980 |a Trung tâm Học liệu Trường Đại học Cần Thơ